|
|
|
|
| LEADER |
00000nab a2200000 a 4500 |
| 001 |
vtls008769384 |
| 003 |
SK-MaSNL |
| 005 |
20260303194626.0 |
| 008 |
060602 20060601xo dr er 000 0 slo |
| 038 |
|
|
|a KEVKJB
|
| 040 |
|
|
|a KEVKJB
|b slo
|c KEVKJB
|e AACR2
|
| 041 |
0 |
|
|a slo
|
| 044 |
|
|
|a xo
|c SK
|
| 080 |
|
|
|a 792.97
|2 2001
|
| 245 |
0 |
0 |
|a Bábkové divadlo naštudovalo hru bez slov
|c [autor] (ato)
|
| 300 |
|
|
|b Obr.
|
| 600 |
1 |
7 |
|a Cukanová, Irina
|t Zázračný kaleidoskop
|2 kevkjb
|9 1226945
|
| 610 |
2 |
7 |
|a Bábkové divadlo v Košiciach
|2 kevkjb
|9 29577
|
| 651 |
|
7 |
|a Košice (Slovensko)
|2 kevkjb
|9 18694
|
| 773 |
0 |
|
|t Košický denník Korzár
|g Roč. IX, č. 125 (1.6.2006), s. 4
|x 1335-4566
|
| 852 |
|
|
|a KEVKJB
|b KIS3GCP
|
| 999 |
|
|
|c 2158596
|d 2160526
|